000 01720cam a2200469 a 4500
001 21476
003 VRT
005 20260302133527.0
008 240314s2010 xo a b 000 j slo
015 _aSNBA2010/07-05080
020 _a9788080893750
_q(viaz.)
035 _a0FE6F43D-7C9F-4DAE-B9E7-ACA122F4D4D4
035 _aurn:nbn:sk:snk-amkxu9
035 _aurn:nbn:sk:snk-am0081o0
039 9 _a202403141455
_bVLOAD
_c201807301505
_dVLOAD
_c201704101020
_dAUTHORITY
_c201606101424
_dVLOAD
040 _aTTKJF
_bslo
_cTTKJF
_dSVKBB
_dSNK
_eAACR2
041 1 _aslo
_hcze
044 _axo
_cSK
072 7 _a821-93
_xLiteratúra pre deti a mládež
_2konspekt
080 _a821-93
_22001
080 _a(0:82-321.3)
_22001
080 _a821-32
_22001
100 1 _aEislerová, Jana,
_d1942-
_4aut
240 1 0 _aRobinson Crusoe
_lSlovensky
245 1 0 _aRobinson Crusoe
_cprerozprávala Jana Eislerová ; ilustroval Antonín Šplíchal ; [z českého originálu preložila Zora Sadloňová]
250 _a1. vyd.
260 _aBratislava
_bFragment
_c2010
300 _a55 s.
_bfareb. ilustr.
_c28 cm
521 _aPre deti od 7 rokov
655 7 _apublikácie pre deti
_2SNKPH
655 7 _adobrodružné príbehy
_2SNKPH
700 1 _aŠplíchal, Antonín,
_d1947-
_4ill
700 1 _aSadloňová, Zora,
_d1954-
_4trl
942 _2ddc
_cKLDE
_n0
949 _6270001000368211
_asvkbbC 53648
_bsvkbbm 709605
949 _617A0663268
_asnkSB 79679
_bsnk2010/12608
_o1391/10
_s6100:20140925
949 _6273K0528806
_asvkpoC 51197
_bsvkpo534628
949 _617A0663270
_asnkSB 79679 D1
_bsnk2010/12609
_o1391/10
980 _a821.162.3-32
980 _a821-93
999 _c21476
_d21476